Rozhodovacia činnosť Protimonopolného úradu SR a slovenských súdov vo veciach ochrany hospodárskej súťaže

Základný rámec rozhodovacej činnosti Protimonopolného úradu Slovenskej republiky a slovenských súdov vo veciach ochrany hospodárskej súťaže.

Saved in:
Bibliographic Details
Main Author: Šramelová, Silvia
Format: Book Chapter
Language:Slovak
Subjects:
Tags: Add Tag
No Tags, Be the first to tag this record!

MARC

LEADER 00000naa a2200000 4500
001 0162016
005 20231128124819.7
041 0 |a slo 
044 |a CZ 
245 1 0 |a Rozhodovacia činnosť Protimonopolného úradu SR a slovenských súdov vo veciach ochrany hospodárskej súťaže  |c Silvia Šramelová 
520 |a Základný rámec rozhodovacej činnosti Protimonopolného úradu Slovenskej republiky a slovenských súdov vo veciach ochrany hospodárskej súťaže. 
610 2 0 |a Slovensko 
610 2 0 |a právomoc 
610 2 0 |a rozhodovanie 
610 2 0 |a súťaž hospodárska 
610 2 0 |a ochrana súťaže hospodárskej 
100 1 |a Šramelová, Silvia